| 000 | 00608nam a2200229 a 4500 | ||
|---|---|---|---|
| 005 | 20210219153533.0 | ||
| 008 | 991125n 000 0 eng u | ||
| 035 | _aUPN01000105297 | ||
| 100 | 1 | _aMitchell, Susan B | |
| 222 | _aEDUCATIONAL FORUM | ||
| 245 | _aWomen doctoral recipients evaluate their training | ||
| 260 | _aIndiana, EUA | ||
| 300 | _a533-539 | ||
| 362 | 0 | _a1970 Vol. 34, no. 4, may. | |
| 653 | 0 | _aDOCTORADO | |
| 653 | 0 | _aEDUCACION DE MUJERES | |
| 653 | 0 | _aEDUCACION SUPERIOR | |
| 700 | 1 | _aAlciatore, Robert T., | |
| 700 | 1 | _ecoaut. | |
| 904 |
_aAC _b043108 |
||
| 905 | _aArticulo | ||
| 999 |
_c79406 _d79406 |
||